[Event "Titled Tuesday intern op 22nd Feb Late"]
[Site "Chess.com INT"]
[Date "2022.02.22"]
[Round "3"]
[White "Gerbelli Neto, Eduardo"]
[Black "Zapata Arbelaes, Estiven"]
[Result "0-1"]
[WhiteElo "2114"]
[BlackElo "2203"]
[PlyCount "146"]
[EventDate "2022.02.22"]
[EventType "swiss (blitz)"]
[EventRounds "11"]
[EventCountry "USA"]
[SourceTitle "CBM 207 Extra"]
[Source "ChessBase"]
[SourceDate "2022.05.31"]
[SourceVersion "1"]
[SourceVersionDate "2022.05.31"]
[SourceQuality "1"]

1. e4 e5 2. Nc3 Nc6 3. Bc4 Bc5 4. Qg4 Kf8 5. Qf3 Nf6 6. Nge2 d6 7. h3 Be6 8. Bxe6 fxe6 9. d3 Kf7 10. Bg5 Rf8 11. 0-0-0 Kg8 12. g4 Qe8 13. Qg3 Nd7 14. Be3 Qf7 15. Rdf1 Qf3 16. Kd2 Bxe3+ 17. fxe3 Qxg3 18. Nxg3 Rxf1 19. Rxf1 Rf8 20. Rxf8+ Kxf8 21. a3 g6 22. Nb5 Ke7 23. b4 Kd8 24. c4 a6 25. Nc3 b6 26. Nce2 Ke7 27. d4 exd4 28. exd4 e5 29. d5 Nd8 30. a4 Nf7 31. Kd3 a5 32. bxa5 bxa5 33. Nc3 Nc5+ 34. Ke3 Ng5 35. h4 Nh3 36. Nge2 h6 37. Kf3 g5 38. h5 Nf4 39. Ke3 Nxe2 40. Kxe2 Nb3 41. Nb5 Kd7 42. Kd3 Nc5+ 43. Ke3 Nxa4 44. Kf3 Nb6 45. Nc3 Nxc4 46. Ke2 Nb6 47. Kd3 c6 48. dxc6+ Kxc6 49. Ne2 Kc5 50. Ng3 d5 51. Nf5 a4 52. exd5 a3 53. Nxh6 a2 54. Nf5 a1Q 55. h6 Qb1+ 56. Ke3 Qc1+ 57. Ke4 Qf4+ 58. Kd3 Qxg4 59. Ne3 Qh5 60. Nf5 Qh3+ 61. Ke4 Qg4+ 62. Kxe5 Qf4+ 63. Kf6 Nxd5+ 64. Kg6 g4 65. h7 Qb8 66. Kg7 Qc7+ 67. Kg8 Qd8+ 68. Kg7 Qd7+ 69. Kg6 Qe6+ 70. Kg5 Qc8 71. Kxg4 Ne7 72. Kg5 Qxf5+ 73. Kh4 Qxh7+ 0-1

[Event "Titled Tuesday intern op 03rd Aug"]
[Site "Chess.com INT"]
[Date "2021.08.03"]
[Round "1"]
[White "Karacsonyi, Gellert"]
[Black "Zapata Arbelaes, Estiven"]
[Result "1-0"]
[WhiteElo "2387"]
[BlackElo "2203"]
[PlyCount "61"]
[EventDate "2021.08.03"]
[EventType "swiss (blitz)"]
[EventRounds "11"]
[EventCountry "USA"]
[SourceTitle "CBM 203 Extra"]
[Source "ChessBase"]
[SourceDate "2021.09.30"]
[SourceVersion "1"]
[SourceVersionDate "2021.09.30"]
[SourceQuality "1"]

1. e4 e5 2. Nf3 Nc6 3. Bb5 a6 4. Bxc6 dxc6 5. 0-0 f6 6. d4 exd4 7. Nxd4 Bd6 8. Be3 Ne7 9. Nd2 0-0 10. Nc4 b5 11. Nxd6 cxd6 12. Qf3 Qc7 13. Rad1 d5 14. Bf4 Qb7 15. Rfe1 c5 16. Nb3 c4 17. Nc5 Qc6 18. exd5 Qxc5 19. d6 Nc6 20. d7 Bxd7 21. Rxd7 Rfe8 22. Red1 Ne5 23. Bxe5 Qxe5 24. h3 Rac8 25. Qb7 f5 26. R1d5 Qxb2 27. Rxf5 Rf8 28. Rdf7 Qb1+ 29. Kh2 Qa1 30. Rxf8+ Rxf8 31. Qd5+ 1-0

[Event "Titled Tuesday intern op 03rd Aug"]
[Site "Chess.com INT"]
[Date "2021.08.03"]
[Round "6"]
[White "Zapata Arbelaes, Estiven"]
[Black "Krysa, Leandro Sergio"]
[Result "0-1"]
[WhiteElo "2203"]
[BlackElo "2532"]
[PlyCount "38"]
[EventDate "2021.08.03"]
[EventType "swiss (blitz)"]
[EventRounds "11"]
[EventCountry "USA"]
[SourceTitle "CBM 203 Extra"]
[Source "ChessBase"]
[SourceDate "2021.09.30"]
[SourceVersion "1"]
[SourceVersionDate "2021.09.30"]
[SourceQuality "1"]

1. d4 Nf6 2. Nf3 g6 3. c4 Bg7 4. Nc3 0-0 5. e4 d6 6. Be2 c5 7. d5 e5 8. 0-0 Nbd7 9. h3 h6 10. Nh2 Nh7 11. f4 exf4 12. Bxf4 Ne5 13. Ng4 Bxg4 14. Bxg4 Nxc4 15. Qb3 Ne5 16. Qxb7 Nxg4 17. hxg4 Bd4+ 18. Kh1 Qh4+ 19. Bh2 Be5 0-1

[Event "Titled Tuesday intern op 22nd June"]
[Site "Chess.com INT"]
[Date "2021.06.22"]
[Round "2"]
[White "Baskin, Robert"]
[Black "Zapata Arbelaes, Estiven"]
[Result "1/2-1/2"]
[WhiteElo "2390"]
[BlackElo "2203"]
[PlyCount "66"]
[EventDate "2021.06.22"]
[EventType "swiss (blitz)"]
[EventRounds "11"]
[EventCountry "USA"]
[SourceTitle "CBM 203 Extra"]
[Source "ChessBase"]
[SourceDate "2021.09.30"]
[SourceVersion "1"]
[SourceVersionDate "2021.09.30"]
[SourceQuality "1"]

1. d4 d5 2. c4 c6 3. cxd5 cxd5 4. Bf4 Nc6 5. e3 e6 6. Nc3 Bd6 7. Bxd6 Qxd6 8. f4 f5 9. Nf3 Nf6 10. Bd3 0-0 11. 0-0 Bd7 12. Ne5 Rac8 13. Rc1 Ne4 14. Bxe4 fxe4 15. Qh5 Nxe5 16. fxe5 Qe7 17. Ne2 Rxf1+ 18. Rxf1 Bb5 19. Rc1 Rxc1+ 20. Nxc1 Qb4 21. Qd1 Qxb2 22. h3 Bc4 23. Kh2 h6 24. Qg4 Qxc1 25. Qxe6+ Kh8 26. Qc8+ Kh7 27. Qf5+ Kh8 28. Qf8+ Kh7 29. e6 Bb5 30. Qf5+ Kh8 31. Qf8+ Kh7 32. Qf5+ Kh8 33. Qf8+ Kh7 1/2-1/2

[Event "Titled Tuesday intern op 22nd June"]
[Site "Chess.com INT"]
[Date "2021.06.22"]
[Round "7"]
[White "Zapata Arbelaes, Estiven"]
[Black "Petesch, Gabriel N"]
[Result "0-1"]
[WhiteElo "2203"]
[BlackElo "2330"]
[PlyCount "68"]
[EventDate "2021.06.22"]
[EventType "swiss (blitz)"]
[EventRounds "11"]
[EventCountry "USA"]
[SourceTitle "CBM 203 Extra"]
[Source "ChessBase"]
[SourceDate "2021.09.30"]
[SourceVersion "1"]
[SourceVersionDate "2021.09.30"]
[SourceQuality "1"]

1. d4 Nf6 2. c4 b5 3. e3 bxc4 4. Bxc4 Bb7 5. Nf3 e6 6. 0-0 Be7 7. Nc3 0-0 8. Re1 d6 9. e4 Nbd7 10. h3 Rb8 11. b3 c5 12. dxc5 Nxc5 13. e5 dxe5 14. Nxe5 Nfe4 15. Bb2 Bh4 16. Re2 Qb6 17. Nxe4 Rfd8 18. Qc2 Nxe4 19. Rf1 Ng5 20. Kh1 Nxh3 21. Nxf7 Rd5 22. Bxd5 Bxd5 23. Ne5 Rf8 24. Ng4 Qb7 25. f3 Ng5 26. Qc3 h5 27. Qxg7+ Qxg7 28. Bxg7 Kxg7 29. Ne5 Nf7 30. Nxf7 Rxf7 31. Rc1 Bg3 32. Kg1 h4 33. Rec2 Kf6 34. Kf1 a5 0-1

[Event "Titled Tuesday intern op 22nd June"]
[Site "Chess.com INT"]
[Date "2021.06.22"]
[Round "3"]
[White "Zapata Arbelaes, Estiven"]
[Black "Timmermans, Mark"]
[Result "1-0"]
[WhiteElo "2203"]
[BlackElo "2385"]
[PlyCount "63"]
[EventDate "2021.06.22"]
[EventType "swiss (blitz)"]
[EventRounds "11"]
[EventCountry "USA"]
[SourceTitle "CBM 203 Extra"]
[Source "ChessBase"]
[SourceDate "2021.09.30"]
[SourceVersion "1"]
[SourceVersionDate "2021.09.30"]
[SourceQuality "1"]

1. d4 Nf6 2. Nf3 e6 3. c4 d5 4. Nc3 dxc4 5. e3 a6 6. Bxc4 b5 7. Bd3 Bb7 8. 0-0 Nbd7 9. e4 c5 10. Be3 cxd4 11. Bxd4 Bc5 12. Bc2 Bxd4 13. Qxd4 Qb6 14. Rad1 0-0 15. Qxb6 Nxb6 16. Ne5 b4 17. Ne2 Rfc8 18. Bb1 a5 19. f3 Ba6 20. Rf2 Na4 21. Nd4 h6 22. Rfd2 Bb7 23. Nb5 Rc5 24. Nd6 Bxe4 25. Nxe4 Nxe4 26. Bxe4 Rf8 27. Nd7 Rc7 28. Nxf8 Kxf8 29. Rd7 Rc5 30. Ra7 g6 31. Rdd7 f5 32. Rd8# 1-0

[Event "FISU World University"]
[Site "Tornelo INT"]
[Date "2020.10.28"]
[Round "9.14"]
[White "Zapata Arbelaes, Estiven"]
[Black "Orozco, Omar"]
[Result "1-0"]
[WhiteElo "2203"]
[BlackElo "1673"]
[PlyCount "65"]
[EventDate "2020.10.26"]
[EventType "team-swiss (rapid)"]
[EventRounds "9"]
[EventCountry "NET"]
[SourceTitle "CBM 199 Extra"]
[Source "ChessBase"]
[SourceDate "2021.01.31"]
[SourceVersion "1"]
[SourceVersionDate "2021.01.31"]
[SourceQuality "1"]
[WhiteTeam "Colombia"]
[BlackTeam "Colombia IV"]
[WhiteTeamCountry "COL"]
[BlackTeamCountry "COL"]

1. d4 Nf6 2. c4 e6 3. Nc3 b6 4. Nf3 Bb7 5. Bg5 Be7 6. e3 d6 7. Be2 Nbd7 8. 0-0 Ne4 9. Nxe4 Bxe4 10. Bxe7 Qxe7 11. b4 0-0 12. Nd2 Bb7 13. Bf3 Bxf3 14. Nxf3 e5 15. e4 a5 16. b5 exd4 17. Qxd4 Rfe8 18. Rfe1 Nc5 19. e5 dxe5 20. Rxe5 Ne6 21. Qe3 Qb4 22. Rc1 Red8 23. Rxe6 fxe6 24. Qxe6+ Kh8 25. Ng5 Rf8 26. Nf7+ Rxf7 27. Qxf7 Qd2 28. Rf1 Qd6 29. Re1 h6 30. h4 Kh7 31. Qf5+ g6 32. Qf7+ Kh8 33. Re7 1-0

[Event "FISU World University"]
[Site "Tornelo INT"]
[Date "2020.10.28"]
[Round "8.13"]
[White "Zapata Arbelaes, Estiven"]
[Black "Portela Peleteiro, Alberto"]
[Result "0-1"]
[WhiteElo "2203"]
[BlackElo "2366"]
[PlyCount "56"]
[EventDate "2020.10.26"]
[EventType "team-swiss (rapid)"]
[EventRounds "9"]
[EventCountry "NET"]
[SourceTitle "CBM 199 Extra"]
[Source "ChessBase"]
[SourceDate "2021.01.31"]
[SourceVersion "1"]
[SourceVersionDate "2021.01.31"]
[SourceQuality "1"]
[WhiteTeam "Colombia"]
[BlackTeam "Spain II"]
[WhiteTeamCountry "COL"]
[BlackTeamCountry "ESP"]

1. d4 d6 2. Nf3 Nd7 3. e4 e5 4. Bc4 Be7 5. 0-0 Ngf6 6. Nc3 0-0 7. dxe5 dxe5 8. Qe2 c6 9. a3 b5 10. Ba2 a6 11. a4 Bb7 12. Bg5 Qc7 13. Nd1 h6 14. Bh4 Nc5 15. axb5 cxb5 16. Bxf6 Bxf6 17. Nc3 Ne6 18. Nd5 Nf4 19. Nxf4 exf4 20. c3 Rfe8 21. Nd2 Rad8 22. Rfd1 Qb6 23. Kh1 Bg5 24. Rac1 Qf6 25. Bb1 f3 26. gxf3 Bf4 27. Rc2 Rxd2 28. Rcxd2 Qh4 0-1

[Event "FISU World University"]
[Site "Tornelo INT"]
[Date "2020.10.28"]
[Round "7.8"]
[White "Zapata Arbelaes, Estiven"]
[Black "Zajic, Milan"]
[Result "1/2-1/2"]
[WhiteElo "2203"]
[BlackElo "2467"]
[PlyCount "72"]
[EventDate "2020.10.26"]
[EventType "team-swiss (rapid)"]
[EventRounds "9"]
[EventCountry "NET"]
[SourceTitle "CBM 199 Extra"]
[Source "ChessBase"]
[SourceDate "2021.01.31"]
[SourceVersion "1"]
[SourceVersionDate "2021.01.31"]
[SourceQuality "1"]
[WhiteTeam "Colombia"]
[BlackTeam "Serbia"]
[WhiteTeamCountry "COL"]
[BlackTeamCountry "SRB"]

1. d4 Nf6 2. c4 e6 3. Nc3 Bb4 4. Qc2 0-0 5. Nf3 d6 6. Bg5 Nbd7 7. e3 b6 8. Bd3 h6 9. Bh4 Bb7 10. 0-0 Bxc3 11. Qxc3 c5 12. Rfe1 Rc8 13. e4 cxd4 14. Qxd4 Qe7 15. e5 dxe5 16. Nxe5 Rfd8 17. Ng4 Qc5 18. Nxf6+ Nxf6 19. Qc3 Qd4 20. Bxf6 Qxf6 21. Qxf6 gxf6 22. Rad1 Kf8 23. f3 Ke7 24. Kf2 f5 25. g3 Bc6 26. f4 Bb7 27. b3 Bc6 28. Ke3 Rg8 29. Kf2 Rgd8 30. Ke3 Rg8 31. Kf2 Kf6 32. Be2 Ke7 33. Bd3 Rgd8 34. Ke3 Rg8 35. Kf2 Rgd8 36. Ke3 Rg8 1/2-1/2

[Event "FISU World University"]
[Site "Tornelo INT"]
[Date "2020.10.26"]
[Round "1.29"]
[White "Kottahachchi, AS."]
[Black "Zapata Arbelaes, Estiven"]
[Result "0-1"]
[WhiteElo "1400"]
[BlackElo "2203"]
[PlyCount "40"]
[EventDate "2020.10.26"]
[EventType "team-swiss (rapid)"]
[EventRounds "9"]
[EventCountry "NET"]
[SourceTitle "CBM 199 Extra"]
[Source "ChessBase"]
[SourceDate "2021.01.31"]
[SourceVersion "1"]
[SourceVersionDate "2021.01.31"]
[SourceQuality "1"]
[WhiteTeam "Sri Lanka V"]
[BlackTeam "Colombia"]
[WhiteTeamCountry "SRI"]
[BlackTeamCountry "COL"]

1. d4 d5 2. c4 c6 3. Nc3 Nf6 4. e3 e6 5. cxd5 cxd5 6. Bd3 Nc6 7. a3 Bd6 8. Nge2 e5 9. dxe5 Bxe5 10. Nb5 0-0 11. 0-0 Bg4 12. h3 a6 13. hxg4 axb5 14. Bxb5 Nxg4 15. Nd4 Nxd4 16. exd4 Qh4 17. Re1 Qxf2+ 18. Kh1 Qh4+ 19. Kg1 Bh2+ 20. Kh1 Nf2# 0-1

[Event "Titled Tuesday intern op 6th June"]
[Site "Chess.com INT"]
[Date "2020.06.02"]
[Round "9"]
[White "Zapata Arbelaes, Estiven"]
[Black "Hamley, Ryan"]
[Result "1/2-1/2"]
[WhiteElo "2203"]
[BlackElo "2089"]
[PlyCount "43"]
[EventDate "2020.06.02"]
[EventType "swiss (blitz)"]
[EventRounds "10"]
[EventCountry "USA"]
[SourceTitle "CBM 196 Extra"]
[Source "ChessBase"]
[SourceDate "2020.07.31"]
[SourceVersion "1"]
[SourceVersionDate "2020.07.31"]
[SourceQuality "1"]

1. d4 Nf6 2. c4 e6 3. Nc3 d5 4. Nf3 Bb4 5. Qc2 0-0 6. Bg5 h6 7. Bh4 b6 8. e3 Bb7 9. Be2 Nbd7 10. cxd5 exd5 11. a3 Be7 12. 0-0 Rc8 13. Rac1 c5 14. Rfd1 Ne4 15. Bxe7 Qxe7 16. dxc5 Nxc3 17. Qxc3 Nxc5 18. Qb4 Qf6 19. Qd4 Qe7 20. Qb4 Qf6 21. Qd4 Qe7 22. Qb4 1/2-1/2

[Event "Titled Tuesday intern op 6th June"]
[Site "Chess.com INT"]
[Date "2020.06.02"]
[Round "5"]
[White "Zapata Arbelaes, Estiven"]
[Black "Ikejiri, Daniel Yoshito"]
[Result "1/2-1/2"]
[WhiteElo "2203"]
[BlackElo "1961"]
[PlyCount "71"]
[EventDate "2020.06.02"]
[EventType "swiss (blitz)"]
[EventRounds "10"]
[EventCountry "USA"]
[SourceTitle "CBM 196 Extra"]
[Source "ChessBase"]
[SourceDate "2020.07.31"]
[SourceVersion "1"]
[SourceVersionDate "2020.07.31"]
[SourceQuality "1"]

1. e4 c5 2. c4 Nc6 3. Nc3 d6 4. Nf3 e6 5. d3 g6 6. g3 Bg7 7. Bg2 Nge7 8. 0-0 0-0 9. Be3 Nd4 10. Qd2 Nec6 11. Bh6 Nxf3+ 12. Bxf3 Nd4 13. Bg2 Bd7 14. Bxg7 Kxg7 15. Ne2 Nxe2+ 16. Qxe2 Bc6 17. Qe3 Qf6 18. b3 Qd4 19. Qxd4+ cxd4 20. f4 e5 21. f5 f6 22. g4 g5 23. Kf2 Rfc8 24. Bf3 h6 25. Rfc1 b6 26. b4 Bd7 27. Bd1 Rc7 28. Bb3 a5 29. a3 axb4 30. axb4 Rca7 31. Rxa7 Rxa7 32. c5 bxc5 33. bxc5 dxc5 34. Rxc5 Be8 35. Be6 Bf7 36. Rc6 1/2-1/2

[Event "Titled Tuesday intern op 6th June"]
[Site "Chess.com INT"]
[Date "2020.06.02"]
[Round "2"]
[White "Zapata Arbelaes, Estiven"]
[Black "Naguleswaran, Annorjan"]
[Result "0-1"]
[WhiteElo "2203"]
[BlackElo "1716"]
[PlyCount "116"]
[EventDate "2020.06.02"]
[EventType "swiss (blitz)"]
[EventRounds "10"]
[EventCountry "USA"]
[SourceTitle "CBM 196 Extra"]
[Source "ChessBase"]
[SourceDate "2020.07.31"]
[SourceVersion "1"]
[SourceVersionDate "2020.07.31"]
[SourceQuality "1"]

1. d4 d5 2. c4 c6 3. Nc3 Nf6 4. Nf3 dxc4 5. a4 e6 6. e3 c5 7. Bxc4 Nc6 8. 0-0 cxd4 9. exd4 Be7 10. h3 0-0 11. Be3 Nb4 12. Rc1 b6 13. Ne5 Bb7 14. Be2 Rc8 15. Bf3 Bxf3 16. Qxf3 Nbd5 17. Bg5 Nxc3 18. Rxc3 Nd5 19. Nc6 Rxc6 20. Rxc6 Bxg5 21. Qe4 Bf6 22. Rfc1 Nb4 23. R6c4 Qd5 24. Qe3 Na6 25. Qd3 h6 26. Rc8 Nb4 27. Rxf8+ Kxf8 28. Rc8+ Ke7 29. Qb5 Qxb5 30. axb5 Nd5 31. Ra8 Bxd4 32. Rxa7+ Kf6 33. Ra2 e5 34. Kf1 Ke6 35. Ke2 Kd6 36. g3 Kc5 37. Ra7 Bxb2 38. Rxf7 e4 39. Rd7 Nc3+ 40. Ke3 Kxb5 41. Re7 Kc4 42. Rc7+ Kb3 43. f3 exf3 44. Kxf3 b5 45. Rxg7 b4 46. Rg6 Kc2 47. Rxh6 b3 48. Rb6 Na4 49. Rxb3 Kxb3 50. g4 Kc4 51. Ke4 Nc5+ 52. Kf5 Kd5 53. g5 Kd6 54. h4 Ke7 55. h5 Kf7 56. h6 Ne6 57. g6+ Ke7 58. g7 Nxg7+ 0-1

[Event "Medellin Castro Memorial 36th"]
[Site "Medellin"]
[Date "2019.08.11"]
[Round "8"]
[White "Zapata Arbelaes, Estiven"]
[Black "Paniagua, Fabio de Jesus"]
[Result "1-0"]
[WhiteElo "2207"]
[BlackElo "1714"]
[PlyCount "110"]
[EventDate "2019.08.07"]
[EventType "swiss"]
[EventRounds "9"]
[EventCountry "COL"]
[SourceTitle "EXT 2020"]
[Source "ChessBase"]
[SourceDate "2019.10.17"]
[SourceVersion "1"]
[SourceVersionDate "2019.10.17"]
[SourceQuality "1"]

1. e4 c5 2. Nf3 d6 3. d4 cxd4 4. Nxd4 Nf6 5. Nc3 a6 6. Bg5 e6 7. f4 Qb6 8. a3 Nc6 9. Nb3 Qe3+ 10. Qe2 Qxe2+ 11. Bxe2 Be7 12. 0-0-0 h6 13. Bxf6 gxf6 14. Bh5 Rg8 15. g3 b5 16. f5 Kf8 17. Rhf1 Ra7 18. Ne2 Rg5 19. h4 Rg7 20. Rd3 Rc7 21. Rc3 Bd8 22. Rd3 Ke7 23. fxe6 Ne5 24. Rdd1 fxe6 25. Nbd4 Rc5 26. Nf4 Bb6 27. b4 Rc7 28. Nf5+ exf5 29. Nd5+ Kf8 30. Nxb6 Rxg3 31. Rxd6 Ke7 32. Rdd1 Bb7 33. exf5 Rxa3 34. Kb1 Be4 35. Rd2 Rac3 36. Rff2 R3c6 37. Nd5+ Bxd5 38. Rxd5 Rd6 39. Rxd6 Kxd6 40. Rd2+ Ke7 41. Be2 Rd7 42. Kc1 Rxd2 43. Kxd2 Kd6 44. Ke3 Nc6 45. c3 Ke5 46. Bf3 Ne7 47. Kd3 Nxf5 48. c4 Nd6 49. c5 Ne8 50. Bb7 Nc7 51. h5 Nd5 52. Kc2 Nxb4+ 53. Kc3 Nd5+ 54. Kb3 a5 55. Kc2 Nc7 1-0

[Event "Medellin Aristizabal Cup"]
[Site "Medellin"]
[Date "2019.06.21"]
[Round "1"]
[White "Zapata Arbelaes, Estiven"]
[Black "Romero Valencia, Miguel Angel"]
[Result "1-0"]
[WhiteElo "2206"]
[BlackElo "1641"]
[PlyCount "43"]
[EventDate "2019.06.21"]
[EventType "swiss"]
[EventRounds "7"]
[EventCountry "COL"]
[SourceTitle "EXT 2020"]
[Source "ChessBase"]
[SourceDate "2019.10.17"]
[SourceVersion "1"]
[SourceVersionDate "2019.10.17"]
[SourceQuality "1"]

1. d4 Nf6 2. c4 e6 3. Nc3 d5 4. Nf3 Be7 5. g3 dxc4 6. Qa4+ Nbd7 7. Bg2 0-0 8. Qxc4 a6 9. 0-0 b5 10. Qb3 Bb7 11. Rd1 Qc8 12. Bg5 h6 13. Bxf6 Nxf6 14. Rac1 Rd8 15. a3 c5 16. dxc5 Qxc5 17. e3 Qh5 18. Nd4 Bxg2 19. Kxg2 Rac8 20. Nf3 e5 21. e4 Nd7 22. Nd5 1-0

[Event "COL-ch U2300"]
[Site "Pereira"]
[Date "2019.03.22"]
[Round "3"]
[White "Garcia Alarcon, Alvaro"]
[Black "Zapata Arbelaes, Estiven"]
[Result "0-1"]
[WhiteElo "2118"]
[BlackElo "2220"]
[PlyCount "58"]
[EventDate "2019.03.21"]
[EventType "swiss"]
[EventRounds "9"]
[EventCountry "COL"]
[SourceTitle "CBM 189 Extra"]
[Source "ChessBase"]
[SourceDate "2019.06.03"]
[SourceVersion "1"]
[SourceVersionDate "2019.06.03"]
[SourceQuality "1"]

1. d4 d5 2. Nf3 Nf6 3. Bf4 c5 4. e3 Nc6 5. c3 Qb6 6. Qb3 c4 7. Qc2 Bf5 8. Qc1 h6 9. h3 e6 10. Nbd2 Qd8 11. Ne5 Nxe5 12. dxe5 Ne4 13. Nxe4 Bxe4 14. Qd2 Bc5 15. b4 cxb3 16. axb3 Qb6 17. b4 Be7 18. Bd3 0-0 19. 0-0 Bxd3 20. Qxd3 Rfc8 21. Rfc1 Rc4 22. e4 Rxe4 23. Be3 Qc7 24. Bd4 a6 25. f3 Rxe5 26. Bxe5 Qxe5 27. Qd4 Qxd4+ 28. cxd4 Bf6 29. Ra2 Bxd4+ 0-1

[Event "COL-ch U26"]
[Site "Medellin"]
[Date "2018.10.20"]
[Round "6"]
[White "Zapata Arbelaes, Estiven"]
[Black "Henao, Bernardo Andres"]
[Result "1/2-1/2"]
[WhiteElo "2227"]
[BlackElo "2174"]
[PlyCount "75"]
[EventDate "2018.10.18"]
[EventType "swiss"]
[EventRounds "6"]
[EventCountry "COL"]
[SourceTitle "CBM 187 Extra"]
[Source "ChessBase"]
[SourceDate "2018.11.04"]
[SourceVersion "1"]
[SourceVersionDate "2018.11.04"]
[SourceQuality "1"]

1. d4 d5 2. c4 Nc6 3. cxd5 Qxd5 4. Nf3 e5 5. Nc3 Bb4 6. Bd2 Bxc3 7. Bxc3 e4 8. Ne5 Nxe5 9. dxe5 Ne7 10. e3 Qxd1+ 11. Rxd1 Be6 12. a3 0-0 13. Be2 Rfd8 14. 0-0 Bb3 15. Rd4 Rxd4 16. exd4 Rd8 17. Re1 Nc6 18. Bg4 Nxd4 19. Rxe4 c5 20. f4 Kf8 21. Kf2 Ke7 22. Re1 Nb5 23. Ke3 Nxc3 24. bxc3 Bd5 25. g3 Be6 26. Bf3 b5 27. Rb1 a6 28. Rb2 Bc4 29. Rd2 Rxd2 30. Kxd2 Be6 31. g4 g6 32. h3 f6 33. exf6+ Kxf6 34. Ke3 a5 35. Be2 b4 36. axb4 axb4 37. cxb4 cxb4 38. Kd4 1/2-1/2

[Event "COL-ch U26"]
[Site "Medellin"]
[Date "2018.10.19"]
[Round "3"]
[White "Osorio, Cristhian Camilo"]
[Black "Zapata Arbelaes, Estiven"]
[Result "1-0"]
[WhiteElo "2184"]
[BlackElo "2227"]
[PlyCount "101"]
[EventDate "2018.10.18"]
[EventType "swiss"]
[EventRounds "6"]
[EventCountry "COL"]
[SourceTitle "CBM 187 Extra"]
[Source "ChessBase"]
[SourceDate "2018.11.04"]
[SourceVersion "1"]
[SourceVersionDate "2018.11.04"]
[SourceQuality "1"]

1. d4 d5 2. Nc3 Nf6 3. Bg5 Nbd7 4. e4 Nxe4 5. Nxe4 dxe4 6. Ne2 h6 7. Be3 Nf6 8. Ng3 b6 9. c3 Qd7 10. a4 e6 11. Bb5 c6 12. Bc4 Bb7 13. Qc2 Be7 14. Nxe4 Qc7 15. a5 Rd8 16. Nxf6+ Bxf6 17. 0-0 0-0 18. f4 c5 19. axb6 axb6 20. dxc5 bxc5 21. Qf2 Qc6 22. Ra5 Bh4 23. Qe2 Be7 24. Ba6 Ba8 25. Bb5 Qe4 26. Ra4 Qg6 27. Ra7 Bd6 28. Bd3 Qf6 29. Bc2 e5 30. f5 Rfe8 31. Rfa1 e4 32. Bb3 Be7 33. Qh5 Bd5 34. R7a6 Qe5 35. Ba4 Rf8 36. Qg4 Rd6 37. Bf4 Qxf4 38. Qxf4 Rxa6 39. Qe5 Bb3 40. Qxe7 c4 41. Qxe4 Rfa8 42. f6 R8a7 43. Qe8+ Kh7 44. fxg7 Kxg7 45. Qe5+ Kg8 46. Qg3+ Kh7 47. Qf4 Kg6 48. Rd1 Bxa4 49. Rd6+ Rxd6 50. Qxd6+ Kh7 51. Qc5 1-0

[Event "COL-ch U26"]
[Site "Medellin"]
[Date "2018.10.18"]
[Round "1"]
[White "Arias, Juan Carlos2222"]
[Black "Zapata Arbelaes, Estiven"]
[Result "0-1"]
[WhiteElo "1921"]
[BlackElo "2227"]
[PlyCount "68"]
[EventDate "2018.10.18"]
[EventType "swiss"]
[EventRounds "6"]
[EventCountry "COL"]
[SourceTitle "CBM 187 Extra"]
[Source "ChessBase"]
[SourceDate "2018.11.04"]
[SourceVersion "1"]
[SourceVersionDate "2018.11.04"]
[SourceQuality "1"]

1. e4 e5 2. Nf3 Nc6 3. d4 exd4 4. c3 d3 5. Bxd3 Bc5 6. b4 Bb6 7. a4 a5 8. b5 Nce7 9. Ba3 d6 10. Nbd2 Be6 11. 0-0 Nf6 12. Ng5 Bg4 13. Qb3 0-0 14. Nc4 h6 15. Nxb6 cxb6 16. Nh3 Bxh3 17. gxh3 Qd7 18. Kg2 Ng6 19. f4 Nh5 20. Rad1 Ngxf4+ 21. Kg1 Qxh3 22. Qc2 Rfd8 23. Bc1 g5 24. Rf2 Rac8 25. c4 Nxd3 26. Rxd3 Qg4+ 27. Rg2 Qxe4 28. Qd1 Ng7 29. Rd4 Qb1 30. Rb2 Qa1 31. Qc2 d5 32. Kg2 Ne6 33. Rd1 Rxc4 34. Qd2 Rxa4 0-1

[Event "COL-ch U26"]
[Site "Medellin"]
[Date "2018.10.18"]
[Round "2"]
[White "Zapata Arbelaes, Estiven"]
[Black "Figueroa Navarro, Juan Jose"]
[Result "1-0"]
[WhiteElo "2227"]
[BlackElo "2076"]
[PlyCount "41"]
[EventDate "2018.10.18"]
[EventType "swiss"]
[EventRounds "6"]
[EventCountry "COL"]
[SourceTitle "CBM 187 Extra"]
[Source "ChessBase"]
[SourceDate "2018.11.04"]
[SourceVersion "1"]
[SourceVersionDate "2018.11.04"]
[SourceQuality "1"]

1. d4 Nf6 2. c4 e6 3. Nc3 d5 4. Bg5 Be7 5. Nf3 0-0 6. g3 b6 7. Bg2 Bb7 8. Bxf6 Bxf6 9. cxd5 exd5 10. 0-0 Nd7 11. Rc1 c6 12. Re1 Re8 13. Qd3 c5 14. Red1 c4 15. Qc2 a6 16. Nd2 b5 17. Nxd5 Bxd4 18. e3 Bc5 19. Ne4 Bxd5 20. Rxd5 Rc8 21. Rcd1 1-0

[Event "Medellin Flores op 25th"]
[Site "Medellin"]
[Date "2018.08.05"]
[Round "4"]
[White "Mateus Urbano, Luis Alejandro"]
[Black "Zapata Arbelaes, Estiven"]
[Result "1/2-1/2"]
[WhiteElo "2327"]
[BlackElo "2174"]
[PlyCount "55"]
[EventDate "2018.08.03"]
[EventType "swiss"]
[EventRounds "9"]
[EventCountry "COL"]
[SourceTitle "CBM 185 Extra"]
[Source "ChessBase"]
[SourceDate "2018.07.29"]
[SourceVersion "1"]
[SourceVersionDate "2018.07.29"]
[SourceQuality "1"]

1. d4 d5 2. c4 c6 3. Nf3 Nf6 4. e3 e6 5. Nbd2 Nbd7 6. Bd3 Be7 7. 0-0 0-0 8. e4 dxe4 9. Nxe4 c5 10. dxc5 Nxe4 11. Bxe4 Nxc5 12. Bc2 b6 13. b4 Nb7 14. Rb1 Qc7 15. Qd3 g6 16. Bh6 Rd8 17. Qc3 f6 18. Rfe1 Nd6 19. c5 Nf7 20. Bd2 bxc5 21. bxc5 Bd7 22. Be4 Bc6 23. Qa5 Rd7 24. Qxc7 Rxc7 25. Bxc6 Rxc6 26. Nd4 Rxc5 27. Rxe6 Re5 28. Ra6 1/2-1/2